[Event "SLO-chT 32nd"]
[Site "Ljubljana"]
[Date "2022.09.11"]
[Round "6.1"]
[White "Lenic, Luka"]
[Black "Piskur, Mitja"]
[Result "1-0"]
[WhiteElo "2633"]
[BlackElo "2251"]
[PlyCount "53"]
[EventDate "2022.09.02"]
[EventType "team-tourn"]
[EventRounds "9"]
[EventCountry "SLO"]
[SourceTitle "EXT 2023"]
[Source "ChessBase"]
[SourceDate "2022.10.05"]
[SourceVersion "1"]
[SourceVersionDate "2022.10.05"]
[SourceQuality "1"]
[WhiteTeam "Ljubljana Tajfun"]
[BlackTeam "Trebnje BMP"]
[WhiteTeamCountry "SVK"]
[BlackTeamCountry "SLO"]

1. e4 d5 2. exd5 Qxd5 3. Nc3 Qd8 4. d4 Nf6 5. Nf3 Bg4 6. h3 Bxf3 7. Qxf3 c6 8. g4 Qxd4 9. Be3 Qb4 10. Bd2 Qb6 11. 0-0-0 e6 12. g5 Nfd7 13. Ne4 Be7 14. Bc3 Rg8 15. Bc4 Qc7 16. Rhe1 Nf8 17. h4 Nbd7 18. Ng3 Nb6 19. Be5 Qc8 20. Bd3 Ng6 21. Bxg6 hxg6 22. Ne4 Nd7 23. Bd6 Bd8 24. h5 gxh5 25. g6 fxg6 26. Ba3 Be7 27. Nd6+ 1-0

[Event "SLO-chT 32nd"]
[Site "Ljubljana"]
[Date "2022.09.09"]
[Round "4.2"]
[White "Drnovsek, Nejc"]
[Black "Piskur, Mitja"]
[Result "1-0"]
[WhiteElo "2286"]
[BlackElo "2251"]
[PlyCount "189"]
[EventDate "2022.09.02"]
[EventType "team-tourn"]
[EventRounds "9"]
[EventCountry "SLO"]
[SourceTitle "EXT 2023"]
[Source "ChessBase"]
[SourceDate "2022.10.05"]
[SourceVersion "1"]
[SourceVersionDate "2022.10.05"]
[SourceQuality "1"]
[WhiteTeam "Maribor Branik"]
[BlackTeam "Trebnje BMP"]
[WhiteTeamCountry "SLO"]
[BlackTeamCountry "SLO"]

1. d4 f5 2. g3 Nf6 3. Bg2 e6 4. c4 d5 5. Qc2 c6 6. Nh3 Bd6 7. 0-0 0-0 8. Bf4 Be7 9. Nd2 Nh5 10. Nf3 Nxf4 11. Nxf4 Bd6 12. Nd3 Nd7 13. b4 Qf6 14. b5 dxc4 15. Qxc4 Nb6 16. Qb3 cxb5 17. Qxb5 Bd7 18. Qb3 Ba4 19. Qb1 Rac8 20. Nfe5 Qe7 21. Rc1 Ba3 22. Rxc8 Rxc8 23. Qe1 Nc4 24. Nxc4 Rxc4 25. d5 Qc7 26. dxe6 Bc6 27. Bxc6 Rxc6 28. Qd1 Bd6 29. Qb3 Kf8 30. Qd5 g6 31. Qd4 Qg7 32. Qxg7+ Kxg7 33. Rb1 b6 34. Nb4 Bxb4 35. Rxb4 Rc2 36. Ra4 a5 37. e4 Kf6 38. exf5 gxf5 39. Rh4 Kxe6 40. a4 Ra2 41. Rxh7 Kd5 42. Rh4 Rb2 43. Kf1 Rb4 44. Ke2 Rb2+ 45. Ke3 Ke5 46. Rf4 Rb3+ 47. Kd2 b5 48. axb5 Rxb5 49. h4 Rb6 50. Kc3 Rb8 51. Ra4 Rb5 52. Rc4 Rd5 53. Rf4 Rb5 54. Rc4 Rd5 55. Kb3 Rd3+ 56. Rc3 Rd2 57. Re3+ Kf6 58. Rf3 Rd4 59. Kc2 a4 60. Kc3 Re4 61. Rd3 Re2 62. Rd2 Re4 63. Rd4 Re2 64. Rd2 Re4 65. Kd3 Rb4 66. Rc2 a3 67. Kc3 Rg4 68. Kb3 a2 69. Kxa2 f4 70. Rc3 Kf5 71. Kb2 fxg3 72. fxg3 Rb4+ 73. Rb3 Rc4 74. Rb5+ Kg6 75. Kb3 Rc1 76. Kb4 Rc2 77. Rb8 Kf7 78. Rb5 Kf6 79. Rg5 Rc1 80. Rc5 Rg1 81. Rc3 Kf5 82. Kc4 Kg4 83. Kd4 Re1 84. Re3 Rd1+ 85. Ke5 Ra1 86. Kf6 Ra5 87. Kg6 Ra6+ 88. Kf7 Ra7+ 89. Kf6 Ra6+ 90. Re6 Ra5 91. Kg6 Kxg3 92. h5 Rf5 93. Rf6 Kg4 94. h6 Rg5+ 95. Kf7 1-0

[Event "SLO-chT 31st"]
[Site "Ljubljana"]
[Date "2021.09.24"]
[Round "7.1"]
[White "Piskur, Mitja"]
[Black "Kolaric, Spela"]
[Result "1/2-1/2"]
[WhiteElo "2228"]
[BlackElo "2120"]
[PlyCount "63"]
[EventDate "2021.09.10"]
[EventType "team-tourn"]
[EventRounds "9"]
[EventCountry "SLO"]
[SourceTitle "CBM 204 Extra"]
[Source "ChessBase"]
[SourceDate "2021.11.30"]
[SourceVersion "1"]
[SourceVersionDate "2021.11.30"]
[SourceQuality "1"]
[WhiteTeam "Trebnje BMP"]
[BlackTeam "Kocevje Inotherm"]
[WhiteTeamCountry "SLO"]
[BlackTeamCountry "SLO"]

1. e4 e5 2. Nf3 Nc6 3. Nc3 Nf6 4. Be2 d5 5. exd5 Nxd5 6. 0-0 Nxc3 7. bxc3 Bd6 8. d4 0-0 9. Rb1 Rb8 10. Re1 exd4 11. cxd4 Bf5 12. Bd3 Bg4 13. c3 Qf6 14. h3 Bxf3 15. Qxf3 Qxf3 16. gxf3 Rfe8 17. Rxe8+ Rxe8 18. Be3 Nd8 19. a4 b6 20. a5 Ne6 21. c4 g6 22. Be4 Kg7 23. Bc6 Re7 24. a6 f5 25. Rd1 h6 26. Kf1 g5 27. Bd5 Nf4 28. Bxf4 Bxf4 29. Re1 Rxe1+ 30. Kxe1 Kf6 31. Ke2 c5 32. dxc5 1/2-1/2

[Event "Split op 10th"]
[Site "Split"]
[Date "2021.08.06"]
[Round "8"]
[White "Teuschler, Barbara"]
[Black "Piskur, Mitja"]
[Result "1/2-1/2"]
[WhiteElo "2116"]
[BlackElo "2231"]
[PlyCount "72"]
[EventDate "2021.07.31"]
[EventType "swiss"]
[EventRounds "9"]
[EventCountry "CRO"]
[SourceTitle "CBM 203 Extra"]
[Source "ChessBase"]
[SourceDate "2021.09.30"]
[SourceVersion "1"]
[SourceVersionDate "2021.09.30"]
[SourceQuality "1"]

1. e4 d5 2. exd5 Qxd5 3. Nc3 Qd8 4. d4 Nf6 5. Nf3 g6 6. Bf4 Bg7 7. Qd2 h6 8. h4 a6 9. 0-0-0 b5 10. Bd3 Bb7 11. Rhe1 Bxf3 12. gxf3 c6 13. Be4 Nxe4 14. Nxe4 Qd5 15. Kb1 Nd7 16. Qe3 0-0 17. Bxh6 Nf6 18. Rg1 Rad8 19. Bxg7 Kxg7 20. Rg5 Qe6 21. Rh1 Rh8 22. Re5 Qc4 23. Nxf6 exf6 24. Re4 Rd5 25. b3 Qb4 26. Kb2 Qd6 27. Re1 b4 28. Qe2 c5 29. dxc5 Rxc5 30. Rc4 Rhc8 31. Rxc5 Qxc5 32. Kb1 a5 33. Qd2 Rc6 34. Re3 Rd6 35. Rd3 Rxd3 36. cxd3 Qd4 1/2-1/2

[Event "Split op 10th"]
[Site "Split"]
[Date "2021.08.04"]
[Round "6"]
[White "Jakrlin, Mihael"]
[Black "Piskur, Mitja"]
[Result "1/2-1/2"]
[WhiteElo "2120"]
[BlackElo "2231"]
[PlyCount "77"]
[EventDate "2021.07.31"]
[EventType "swiss"]
[EventRounds "9"]
[EventCountry "CRO"]
[SourceTitle "CBM 203 Extra"]
[Source "ChessBase"]
[SourceDate "2021.09.30"]
[SourceVersion "1"]
[SourceVersionDate "2021.09.30"]
[SourceQuality "1"]

1. Nf3 f5 2. d3 d6 3. e4 e5 4. Nc3 c5 5. g3 Nf6 6. Bg2 Be7 7. h3 0-0 8. 0-0 Nc6 9. Re1 Rb8 10. a4 Nd4 11. Nxd4 cxd4 12. Ne2 fxe4 13. dxe4 Bd7 14. c3 Bc6 15. Qc2 Rc8 16. cxd4 Kh8 17. Qd3 d5 18. dxe5 Nxe4 19. Be3 Nc5 20. Qd1 Qb6 21. Bd4 Qb4 22. Bc3 Qc4 23. Nf4 Ne4 24. Bd4 Bc5 25. Bxc5 Qxc5 26. Bxe4 dxe4 27. Qh5 Rfe8 28. Rac1 Qa5 29. b4 Qxb4 30. e6 Qd4 31. Rc5 e3 32. Rf1 exf2+ 33. Kh2 Qe4 34. Re5 Qc4 35. Rxf2 Qc1 36. Ng6+ Kg8 37. Rf8+ Rxf8 38. Ne7+ Kh8 39. Ng6+ 1/2-1/2

[Event "Split op 10th"]
[Site "Split"]
[Date "2021.07.31"]
[Round "1"]
[White "Piskur, Mitja"]
[Black "Koksa, Jelena"]
[Result "1-0"]
[WhiteElo "2231"]
[BlackElo "1773"]
[PlyCount "93"]
[EventDate "2021.07.31"]
[EventType "swiss"]
[EventRounds "9"]
[EventCountry "CRO"]
[SourceTitle "EXT 2022"]
[Source "ChessBase"]
[SourceDate "2021.10.06"]
[SourceVersion "1"]
[SourceVersionDate "2021.10.06"]
[SourceQuality "1"]

1. d3 d5 2. e4 dxe4 3. dxe4 Qxd1+ 4. Kxd1 e5 5. Be3 Nc6 6. c3 Be6 7. Nd2 0-0-0 8. Kc2 f5 9. f3 Nf6 10. h3 fxe4 11. fxe4 Nh5 12. Ngf3 Ng3 13. Rg1 Nxf1 14. Rgxf1 Be7 15. Bg5 Rhe8 16. Rf2 Bg8 17. Bxe7 Rxe7 18. Nf1 Bc4 19. Ne1 Rf7 20. Rxf7 Bxf7 21. Nd2 Bh5 22. Nef3 Bxf3 23. Nxf3 Rf8 24. Rd1 h6 25. b4 a6 26. a4 Rf4 27. Kd3 Rf8 28. Ke3 Rd8 29. Rxd8+ Kxd8 30. b5 axb5 31. axb5 Na7 32. c4 Ke7 33. Nxe5 Kd6 34. Kd4 Nc8 35. Ng6 Ke6 36. Nf4+ Ke7 37. g4 c6 38. bxc6 bxc6 39. h4 Nd6 40. Ng6+ Ke6 41. Nf4+ Ke7 42. e5 Ne8 43. Kc5 g5 44. hxg5 hxg5 45. Nh3 Ke6 46. Kd4 c5+ 47. Ke4 1-0

[Event "SLO-chT1 West"]
[Site "Slovenia"]
[Date "2018.10.28"]
[Round "9.2"]
[White "Piskur, Mitja"]
[Black "Mestek, Igor"]
[Result "1/2-1/2"]
[WhiteElo "2288"]
[BlackElo "2108"]
[PlyCount "105"]
[EventDate "2018.09.28"]
[EventType "team-tourn"]
[EventRounds "9"]
[EventCountry "SLO"]
[SourceTitle "CBM 187 Extra"]
[Source "ChessBase"]
[SourceDate "2018.11.04"]
[SourceVersion "1"]
[SourceVersionDate "2018.11.04"]
[SourceQuality "1"]
[WhiteTeam "Trebnje BMP"]
[BlackTeam "Kocevje"]
[WhiteTeamCountry "SLO"]
[BlackTeamCountry "SLO"]

1. e4 e5 2. Nf3 Qe7 3. Nc3 d6 4. d4 c6 5. Bg5 Nf6 6. Qd2 Qc7 7. Bxf6 gxf6 8. 0-0-0 Bg4 9. Be2 Bxf3 10. Bxf3 Nd7 11. Ne2 h5 12. Kb1 0-0-0 13. h4 exd4 14. Qxd4 Kb8 15. Ng3 Qa5 16. Be2 Rg8 17. Qe3 Re8 18. Qf4 Qe5 19. Qxe5 Rxe5 20. Bc4 Nc5 21. Bxf7 Rg7 22. Bc4 Nxe4 23. Nxe4 Rxe4 24. Bd3 Re5 25. g3 d5 26. c3 Bc5 27. Rhf1 Rge7 28. Kc2 Kc7 29. Kd2 a5 30. Rde1 Kd8 31. Rxe5 fxe5 32. Bg6 e4 33. f4 exf3 34. Rxf3 Re5 35. Bf5 Be7 36. Bd3 Bd6 37. Rf6 Kc7 38. Rg6 Bc5 39. Rg7+ Kc8 40. Be2 Bf2 41. g4 Bxh4 42. gxh5 Bg5+ 43. Kd1 Be3 44. Bg4+ Kb8 45. Rg6 Rg5 46. Rxg5 Bxg5 47. Ke2 Kc7 48. Kf3 Bc1 49. b3 Bb2 50. c4 dxc4 51. bxc4 Kd6 52. Ke4 a4 53. Kd3 1/2-1/2

[Event "SLO-chT1 West"]
[Site "Slovenia"]
[Date "2018.10.13"]
[Round "5.2"]
[White "Mencinger, Vojko"]
[Black "Piskur, Mitja"]
[Result "1-0"]
[WhiteElo "2344"]
[BlackElo "2288"]
[PlyCount "81"]
[EventDate "2018.09.28"]
[EventType "team-tourn"]
[EventRounds "9"]
[EventCountry "SLO"]
[SourceTitle "CBM 187 Extra"]
[Source "ChessBase"]
[SourceDate "2018.11.04"]
[SourceVersion "1"]
[SourceVersionDate "2018.11.04"]
[SourceQuality "1"]
[WhiteTeam "Gorenjka Lesce"]
[BlackTeam "Trebnje BMP"]
[WhiteTeamCountry "SLO"]
[BlackTeamCountry "SLO"]

1. e4 d5 2. exd5 Qxd5 3. Nc3 Qd8 4. d4 Nf6 5. Nf3 Bg4 6. h3 Bxf3 7. Qxf3 c6 8. Be3 e6 9. 0-0-0 Nbd7 10. g4 Qa5 11. Kb1 Nd5 12. Nxd5 Qxd5 13. Qxd5 exd5 14. Bf4 Nf6 15. Bd3 g6 16. Rhe1+ Kd7 17. Be5 Bg7 18. c4 Rhg8 19. g5 Nh5 20. cxd5 Rge8 21. dxc6+ bxc6 22. Be2 Bxe5 23. dxe5+ Kc7 24. Bxh5 gxh5 25. Kc2 Rab8 26. Rd4 Rb5 27. f4 Rc5+ 28. Kd3 Rb8 29. b3 Ra5 30. Re2 c5 31. Rc2 Kb6 32. Rd6+ Kb5 33. Ke4 Rb7 34. h4 Kb4 35. f5 Ka3 36. Rdd2 Rb4+ 37. Rc4 Rb7 38. e6 fxe6 39. fxe6 Ra6 40. Kf5 Re7 41. Re4 1-0

[Event "Zadar op-A 24th"]
[Site "Zadar"]
[Date "2017.12.15"]
[Round "8"]
[White "Tanriverdi, Enes"]
[Black "Piskur, Mitja"]
[Result "1-0"]
[WhiteElo "2194"]
[BlackElo "2322"]
[PlyCount "131"]
[EventDate "2017.12.09"]
[EventType "swiss"]
[EventRounds "9"]
[EventCountry "CRO"]
[SourceTitle "CBM 182 Extra"]
[Source "ChessBase"]
[SourceDate "2018.02.23"]
[SourceVersion "1"]
[SourceVersionDate "2018.02.23"]
[SourceQuality "1"]

1. Nf3 f5 2. d3 d6 3. e4 e5 4. Nc3 Nf6 5. exf5 Bxf5 6. d4 e4 7. Nh4 Qd7 8. Bg5 Be7 9. Bc4 Nc6 10. a3 Bg4 11. f3 exf3 12. Nxf3 Qf5 13. 0-0 Bxf3 14. Qd2 Qg4 15. Rxf3 Qxd4+ 16. Qxd4 Nxd4 17. Rf2 Nc6 18. Be6 Nd4 19. Bh3 0-0 20. Rd1 c5 21. Be3 Nc6 22. Bf4 Rad8 23. Rfd2 Nd4 24. Be3 Nc6 25. Bf4 Ne8 26. Nd5 Kf7 27. c3 Bf6 28. Nxf6 gxf6 29. Bxd6 Nxd6 30. Rxd6 Rxd6 31. Rxd6 Ne5 32. Bf5 h6 33. Kf2 Ke7 34. Rd5 b6 35. h4 Rd8 36. Rxd8 Kxd8 37. b3 Ke7 38. Ke3 a5 39. Ke4 Kd6 40. Bc8 Ng6 41. g3 Ne7 42. Ba6 Kc6 43. a4 Kd7 44. Bb5+ Ke6 45. Bc4+ Kd7 46. Bf7 Nc6 47. Kf5 Ke7 48. Bd5 Ne5 49. Bc4 h5 50. Be2 Kd6 51. Kxf6 c4 52. bxc4 Nd7+ 53. Kf5 Nc5 54. Bd1 Ke7 55. Bc2 Nd7 56. Kg5 Nf6 57. Bf5 Kf7 58. Bg6+ Kg7 59. Bxh5 Ne4+ 60. Kf4 Nxc3 61. Be8 Kf6 62. g4 Ne2+ 63. Ke4 Ke6 64. g5 Ng1 65. Bh5 Nh3 66. Bg4+ 1-0

[Event "Zadar op-A 24th"]
[Site "Zadar"]
[Date "2017.12.12"]
[Round "5"]
[White "Piskur, Mitja"]
[Black "Debevec, Blaz"]
[Result "1-0"]
[WhiteElo "2322"]
[BlackElo "2206"]
[PlyCount "79"]
[EventDate "2017.12.09"]
[EventType "swiss"]
[EventRounds "9"]
[EventCountry "CRO"]
[SourceTitle "CBM 182 Extra"]
[Source "ChessBase"]
[SourceDate "2018.02.23"]
[SourceVersion "1"]
[SourceVersionDate "2018.02.23"]
[SourceQuality "1"]

1. d3 g6 2. g3 Bg7 3. Bg2 d5 4. f4 Nf6 5. Nf3 0-0 6. 0-0 c5 7. c3 Nc6 8. Ne5 Qc7 9. Nxc6 Qxc6 10. Nd2 Qc7 11. e4 e6 12. e5 Nd7 13. Nf3 Rb8 14. Re1 b5 15. h4 c4 16. d4 h5 17. a3 a5 18. Bd2 Rb6 19. Bh3 f5 20. exf6 Nxf6 21. Ng5 Ne4 22. Nxe4 dxe4 23. Bg2 Bb7 24. Bxe4 Rf5 25. Qe2 Kf7 26. Bxf5 gxf5 27. Qxh5+ Kf8 28. Re2 Qc6 29. Kh2 b4 30. axb4 axb4 31. cxb4 c3 32. Bxc3 Qc4 33. Ra7 Qd5 34. Rxb7 Rxb7 35. Rf2 Bxd4 36. Rd2 e5 37. fxe5 f4 38. Qh6+ Rg7 39. Qxf4+ Kg8 40. Rxd4 1-0

[Event "Zadar op-A 24th"]
[Site "Zadar"]
[Date "2017.12.10"]
[Round "3"]
[White "Piskur, Mitja"]
[Black "Krstulovic, Alex"]
[Result "0-1"]
[WhiteElo "2322"]
[BlackElo "2346"]
[PlyCount "86"]
[EventDate "2017.12.09"]
[EventType "swiss"]
[EventRounds "9"]
[EventCountry "CRO"]
[SourceTitle "CBM 182 Extra"]
[Source "ChessBase"]
[SourceDate "2018.02.23"]
[SourceVersion "1"]
[SourceVersionDate "2018.02.23"]
[SourceQuality "1"]

1. Nf3 d5 2. d3 Nf6 3. Nbd2 g6 4. e4 Bg7 5. g3 0-0 6. Bg2 c5 7. 0-0 Nc6 8. Re1 e5 9. exd5 Nxd5 10. Nc4 f6 11. a4 Be6 12. Nfd2 Qd7 13. Ne4 b6 14. a5 Rab8 15. c3 Rfd8 16. Qc2 h6 17. axb6 axb6 18. f4 f5 19. Nf2 exf4 20. gxf4 b5 21. Ne5 Nxe5 22. fxe5 Qc7 23. Qe2 b4 24. Bd2 bxc3 25. Bxc3 Nf4 26. Qf1 Qf7 27. Ra6 Nxg2 28. Qxg2 Rd5 29. Rea1 Rbd8 30. Ra7 R8d7 31. Ra8+ Kh7 32. R1a6 g5 33. Qf3 Bxe5 34. Qe3 Bxc3 35. bxc3 Re7 36. c4 Rd4 37. Qe5 Bc8 38. Rxh6+ Kxh6 39. Qh8+ Qh7 40. Qf6+ Kh5 41. Ne4 fxe4 42. Rxc8 exd3 43. Rh8 Rg4+ 0-1

[Event "Split op 7th"]
[Site "Split"]
[Date "2017.08.26"]
[Round "8"]
[White "Piskur, Mitja"]
[Black "Berke, Ana"]
[Result "1-0"]
[WhiteElo "2308"]
[BlackElo "2160"]
[PlyCount "137"]
[EventDate "2017.08.20"]
[EventType "swiss"]
[EventRounds "9"]
[EventCountry "CRO"]
[SourceTitle "CBM 180 Extra"]
[Source "ChessBase"]
[SourceDate "2017.10.06"]
[SourceVersion "1"]
[SourceVersionDate "2017.10.06"]
[SourceQuality "1"]

1. e4 c5 2. Nf3 d6 3. d3 Nc6 4. g3 g6 5. Bg2 Bg7 6. 0-0 e5 7. Nc3 Nge7 8. Nd2 0-0 9. Nc4 Nd4 10. a4 a5 11. Ne3 Be6 12. Ncd5 Rb8 13. c3 Bxd5 14. exd5 Ndf5 15. Nc4 Nc8 16. Bd2 Nfe7 17. Qb3 Qc7 18. f4 h6 19. Rae1 exf4 20. Bxf4 g5 21. Bd2 Ng6 22. Ne3 Nce7 23. Be4 Rbe8 24. Qb5 b6 25. Rf2 Ne5 26. Ref1 Qd7 27. Qxd7 Nxd7 28. Kg2 Ne5 29. h4 c4 30. d4 Nd3 31. Bxd3 cxd3 32. hxg5 hxg5 33. g4 f6 34. Rf3 Ng6 35. Nf5 Re2+ 36. R1f2 Rfe8 37. Rxd3 Nh4+ 38. Nxh4 gxh4 39. Rxe2 Rxe2+ 40. Kh3 Kh7 41. Kxh4 Bh6 42. Bxh6 Kxh6 43. b3 Kg6 44. c4 Kf7 45. Kg3 Ke7 46. Kf3 Rh2 47. Re3+ Kd7 48. Kf4 Rf2+ 49. Rf3 Re2 50. Rh3 Rf2+ 51. Ke3 Rb2 52. Ke4 Re2+ 53. Kf5 Rf2+ 54. Kg6 Rf4 55. Rh7+ Kd8 56. Kf7 Kd7 57. Kf8+ Kd8 58. Rb7 Rxg4 59. Rxb6 Kc7 60. Rc6+ Kd7 61. Ra6 Rg3 62. Kf7 Rxb3 63. c5 f5 64. Rxd6+ Kc7 65. Rf6 Rb4 66. Ke6 Rxa4 67. Rf7+ Kc8 68. d6 Rxd4 69. c6 1-0

[Event "Split op 7th"]
[Site "Split"]
[Date "2017.08.22"]
[Round "4"]
[White "Piskur, Mitja"]
[Black "Marn, Jan"]
[Result "1/2-1/2"]
[WhiteElo "2308"]
[BlackElo "2146"]
[PlyCount "100"]
[EventDate "2017.08.20"]
[EventType "swiss"]
[EventRounds "9"]
[EventCountry "CRO"]
[SourceTitle "CBM 180 Extra"]
[Source "ChessBase"]
[SourceDate "2017.10.06"]
[SourceVersion "1"]
[SourceVersionDate "2017.10.06"]
[SourceQuality "1"]

1. Nf3 d5 2. d3 Nf6 3. Nbd2 g6 4. g3 Bg7 5. Bg2 0-0 6. 0-0 Nc6 7. c3 e5 8. e4 dxe4 9. dxe4 a5 10. Qc2 b6 11. Rd1 Ba6 12. Nc4 Qe7 13. Ne3 Rad8 14. Nd5 Nxd5 15. exd5 Nb8 16. Bg5 f6 17. Be3 Bc8 18. c4 Na6 19. a3 Bg4 20. Re1 Nc5 21. Nh4 f5 22. b4 Nd7 23. c5 e4 24. Rac1 g5 25. f3 Bh5 26. Nxf5 Rxf5 27. fxe4 Rf7 28. Rf1 axb4 29. axb4 bxc5 30. bxc5 Rdf8 31. Rxf7 Bxf7 32. Qd2 h6 33. c6 Ne5 34. Bc5 Qf6 35. Rf1 Qg6 36. Bxf8 Bxf8 37. Rf5 Bd6 38. Qf2 Qg7 39. Qe2 Bg6 40. Rf1 Kh7 41. Bh3 g4 42. Bxg4 Nxg4 43. Qxg4 Qd4+ 44. Kg2 Bxe4+ 45. Rf3 Bxf3+ 46. Qxf3 Qb2+ 47. Kh3 Qg7 48. Qf5+ Kg8 49. Qc8+ Kf7 50. Qe6+ Kf8 1/2-1/2

[Event "Zadar op-A 23rd"]
[Site "Zadar"]
[Date "2016.12.14"]
[Round "5"]
[White "Piskur, Mitja"]
[Black "Plenca, Julian"]
[Result "1-0"]
[WhiteElo "2285"]
[BlackElo "2415"]
[PlyCount "83"]
[EventDate "2016.12.11"]
[EventType "swiss"]
[EventRounds "9"]
[EventCountry "CRO"]
[SourceTitle "CBM 176 Extra"]
[Source "ChessBase"]
[SourceDate "2017.03.02"]
[SourceVersion "1"]
[SourceVersionDate "2017.03.02"]
[SourceQuality "1"]

1. e4 c5 2. Nf3 d6 3. g3 Nc6 4. Bg2 g6 5. 0-0 Bg7 6. d3 e5 7. Nc3 Nge7 8. Nd2 h5 9. Nc4 Bg4 10. f3 Be6 11. Nb5 Nc8 12. a4 h4 13. Be3 a6 14. Nc3 N8e7 15. Bg5 f6 16. Bd2 f5 17. Re1 hxg3 18. hxg3 Nd4 19. Bg5 Bxc4 20. dxc4 Ne6 21. Bxe7 Qxe7 22. f4 0-0-0 23. Nd5 Qf7 24. c3 Kb8 25. Qf3 Nc7 26. Nxc7 Qxc7 27. Re2 exf4 28. exf5 g5 29. Re6 Be5 30. g4 Rd7 31. a5 Rdh7 32. Ra3 Rd8 33. Qd5 f3 34. Bxf3 Ka7 35. Rb3 Rb8 36. Rb6 Rhh8 37. Rg6 Qh7 38. Rh6 Qd7 39. Rxh8 Bxh8 40. Rxd6 Qc7 41. Rd7 Qc8 42. Qd6 1-0

[Event "Zadar op-A 23rd"]
[Site "Zadar"]
[Date "2016.12.12"]
[Round "2"]
[White "Skomorokhin, Roman"]
[Black "Piskur, Mitja"]
[Result "1/2-1/2"]
[WhiteElo "2414"]
[BlackElo "2285"]
[PlyCount "136"]
[EventDate "2016.12.11"]
[EventType "swiss"]
[EventRounds "9"]
[EventCountry "CRO"]
[SourceTitle "CBM 176 Extra"]
[Source "ChessBase"]
[SourceDate "2017.03.02"]
[SourceVersion "1"]
[SourceVersionDate "2017.03.02"]
[SourceQuality "1"]

1. d4 f5 2. Nf3 Nf6 3. c4 e6 4. g3 d5 5. Bg2 c6 6. 0-0 Bd6 7. Nbd2 Nbd7 8. Qc2 0-0 9. Ne1 Ne4 10. Nd3 Qf6 11. Nf3 a5 12. Bf4 Bxf4 13. Nxf4 Nd6 14. b3 Kh8 15. Nd3 Nf7 16. Qc3 Qe7 17. a3 Re8 18. Rfd1 b6 19. Rdc1 Ba6 20. e3 Rec8 21. Bf1 Nd6 22. Nde5 Nxe5 23. Nxe5 Bb7 24. c5 Ne4 25. Qb2 b5 26. f3 Ng5 27. Re1 Nf7 28. Nd3 Rf8 29. Bg2 Qf6 30. e4 Rae8 31. exd5 exd5 32. Qc3 Bc8 33. f4 Bd7 34. Rxe8 Rxe8 35. Re1 Rxe1+ 36. Nxe1 Qd8 37. Nd3 Kg8 38. Bf3 Kf8 39. Kf2 Qa8 40. Bd1 Be8 41. Qe1 Bd7 42. Bh5 g6 43. Bd1 Qd8 44. Bf3 Qf6 45. Qc3 Nd8 46. Ne5 Be8 47. Qxa5 g5 48. fxg5 Qxg5 49. h4 Qf6 50. Bh5 f4 51. Bxe8 fxg3+ 52. Kxg3 Kxe8 53. Qc7 Qf5 54. a4 Ne6 55. Qxc6+ Kf8 56. Qd6+ Kg7 57. Nf3 bxa4 58. bxa4 Qg6+ 59. Kf2 Qc2+ 60. Kg3 Qg6+ 61. Kf2 Qc2+ 62. Kg1 Qd1+ 63. Kg2 Qc2+ 64. Kf1 Qd3+ 65. Kf2 Qc2+ 66. Kg1 Qd1+ 67. Kg2 Qc2+ 68. Kg3 Qg6+ 1/2-1/2

[Event "SLO-chT1 West"]
[Site "Slovenia"]
[Date "2016.11.26"]
[Round "5"]
[White "Orehek, Spela"]
[Black "Piskur, Mitja"]
[Result "0-1"]
[WhiteElo "2092"]
[BlackElo "2285"]
[PlyCount "138"]
[EventDate "2016.11.11"]
[EventType "team-tourn"]
[EventRounds "9"]
[EventCountry "SLO"]
[SourceTitle "EXT 2018"]
[Source "ChessBase"]
[SourceDate "2017.10.13"]
[SourceVersion "1"]
[SourceVersionDate "2017.10.13"]
[SourceQuality "1"]
[WhiteTeam "Domzale"]
[BlackTeam "Trebnje BMP"]
[WhiteTeamCountry "SLO"]
[BlackTeamCountry "SLO"]

1. e4 d5 2. exd5 Qxd5 3. Nc3 Qd8 4. d4 Nf6 5. Nf3 Bg4 6. Bc4 e6 7. h3 Bxf3 8. Qxf3 c6 9. Be3 Nbd7 10. 0-0 Bd6 11. Bf4 Nb6 12. Bb3 a5 13. a4 0-0 14. Rad1 Qc7 15. Bg5 Nbd7 16. Rfe1 Rae8 17. Bxf6 Nxf6 18. Ne4 Qd8 19. Nxf6+ Qxf6 20. Qxf6 gxf6 21. c3 Kg7 22. g3 f5 23. f4 Kf6 24. Kf2 Rg8 25. Kf3 h5 26. Re2 Rg6 27. Bc2 Reg8 28. Rg2 Ke7 29. Rdg1 c5 30. g4 fxg4+ 31. hxg4 Rf6 32. f5 hxg4+ 33. Rxg4 Rh8 34. dxc5 Rh3+ 35. Ke2 Bxc5 36. Rf1 Rh2+ 37. Kd1 exf5 38. Re1+ Re6 39. Rxe6+ fxe6 40. Rg7+ Kd6 41. Rxb7 Be3 42. Bd3 f4 43. Be4 Ke5 44. Bf3 Rf2 45. Rb5+ Kf6 46. Be4 f3 47. Ke1 Re2+ 48. Kf1 Rd2 49. Bxf3 Rf2+ 50. Ke1 Rxf3 51. Rxa5 Rf2 52. Rb5 Rh2 53. a5 Bc1 54. b4 Bd2+ 55. Kd1 Bxc3 56. a6 Ra2 57. Rb6 Bd4 58. Rc6 Ke5 59. b5 Kd5 60. Rc7 Ke4 61. b6 Rxa6 62. b7 Rb6 63. Rc6 Rb1+ 64. Ke2 e5 65. Rc7 Rb2+ 66. Kd1 Kd3 67. Kc1 Rb5 68. Rd7 e4 69. Re7 Be3+ 0-1

[Event "SLO-chT1 West"]
[Site "Slovenia"]
[Date "2016.11.25"]
[Round "4"]
[White "Bratovic, Blaz"]
[Black "Piskur, Mitja"]
[Result "1-0"]
[WhiteElo "2320"]
[BlackElo "2285"]
[PlyCount "69"]
[EventDate "2016.11.11"]
[EventType "team-tourn"]
[EventRounds "9"]
[EventCountry "SLO"]
[SourceTitle "EXT 2018"]
[Source "ChessBase"]
[SourceDate "2017.10.13"]
[SourceVersion "1"]
[SourceVersionDate "2017.10.13"]
[SourceQuality "1"]
[WhiteTeam "Gorenjka Lesce"]
[BlackTeam "Trebnje BMP"]
[WhiteTeamCountry "SLO"]
[BlackTeamCountry "SLO"]

1. e4 d5 2. exd5 Qxd5 3. Nc3 Qd8 4. d4 Nf6 5. Nf3 g6 6. Bf4 Bg7 7. Qd2 c6 8. Bc4 0-0 9. Ne5 Nbd7 10. Bb3 Nb6 11. h4 Nbd5 12. Bh6 Be6 13. h5 Bxh6 14. Qxh6 gxh5 15. Ne2 Bf5 16. g4 hxg4 17. Qg5+ Bg6 18. 0-0-0 e6 19. Ng3 Nd7 20. Qxg4 f5 21. Qe2 Nxe5 22. dxe5 Qg5+ 23. Kb1 Qg4 24. Qd2 Rae8 25. Nh5 f4 26. Rdg1 Qf3 27. Rh4 Rd8 28. Qe1 Rf5 29. Nf6+ Kg7 30. Rxh7+ Kf8 31. Rh8+ Ke7 32. Rxd8 Kxd8 33. Bxd5 exd5 34. Rxg6 Rxe5 35. Rg8+ 1-0

[Event "SLO-chT1 West"]
[Site "Slovenia"]
[Date "2016.11.11"]
[Round "1"]
[White "Rusjan, Miran"]
[Black "Piskur, Mitja"]
[Result "1/2-1/2"]
[WhiteElo "2242"]
[BlackElo "2285"]
[PlyCount "81"]
[EventDate "2016.11.11"]
[EventType "team-tourn"]
[EventRounds "9"]
[EventCountry "SLO"]
[SourceTitle "EXT 2018"]
[Source "ChessBase"]
[SourceDate "2017.10.13"]
[SourceVersion "1"]
[SourceVersionDate "2017.10.13"]
[SourceQuality "1"]
[WhiteTeam "Nova Gorica"]
[BlackTeam "Trebnje BMP"]
[WhiteTeamCountry "SLO"]
[BlackTeamCountry "SLO"]

1. d4 f5 2. Nf3 Nf6 3. g3 e6 4. Bg2 d5 5. 0-0 Bd6 6. c4 c6 7. Nc3 0-0 8. Qc2 Qe7 9. b3 Nbd7 10. Nd2 Ne4 11. Ndxe4 fxe4 12. f3 exf3 13. Bxf3 Nf6 14. e4 e5 15. Be3 Bh3 16. Rf2 exd4 17. Bxd4 dxe4 18. Nxe4 Ng4 19. Bxg4 Bxg4 20. Rxf8+ Rxf8 21. Re1 Kh8 22. c5 Bc7 23. Qc3 Re8 24. Bf2 Qd7 25. Nd6 Rxe1+ 26. Qxe1 h6 27. Qe5 Bd8 28. Qe8+ Qxe8 29. Nxe8 Be7 30. Bd4 Kg8 31. h4 Kf7 32. Nd6+ Bxd6 33. cxd6 b6 34. b4 h5 35. Kf2 Ke6 36. Bxg7 Kxd6 37. Ke3 Kd5 38. Kd3 a6 39. Bd4 a5 40. a3 c5 41. bxc5 1/2-1/2